| 000 | 01797cam a2200409 a 4500 | ||
|---|---|---|---|
| 001 | EDZ0000117320 | ||
| 003 | StDuBDS | ||
| 005 | 20161031105157.0 | ||
| 006 | m||||||||d|||||||| | ||
| 007 | cr ||||||||||| | ||
| 008 | 130111s2010 caua fo| 000|0|eng|d | ||
| 020 |
_a9781446263112 (ebook) : _cNo price |
||
| 040 |
_aStDuBDS _beng _cStDuBDS _epn |
||
| 049 | _aAlfaisal Main Library | ||
| 050 | 0 |
_aJF1525.C66 _bP82 2010 |
|
| 082 | 0 | 4 |
_a364.1323 _223 |
| 245 | 0 | 0 |
_aPublic sector corruption _h[electronic resource] / _cedited by Michael Johnston. |
| 260 |
_aLos Angeles, [Calif.] ; _aLondon : _bSAGE, _c2010. |
||
| 300 |
_a1 online resource (4 v.) : _bill. |
||
| 490 | 1 | _aSAGE library of political science | |
| 505 | 0 | _av. 1. Concepts -- v. 2. Cases -- v. 3. Causes and consequences -- v. 4. Cures. | |
| 520 | 8 | _aThis collection develops a much-needed comprehensive record of what we have learned from political scientists, economists, and historical and cultural analysts; while all borrow selectively and creatively from each other, they are still engaged in largely separate conversations. | |
| 521 | _aSpecialized. | ||
| 588 | _aDescription based on print version record. | ||
| 504 | _aIncludes bibliographical references. | ||
| 650 | 0 | _aPolitical corruption. | |
| 650 | 0 |
_aAdministrative agencies _xCorrupt practices. |
|
| 650 | 0 |
_aPolitical corruption _xPrevention. |
|
| 650 | 0 |
_aAdministrative agencies _xCorrupt practices _xPrevention. |
|
| 655 | 7 |
_aElectronic books. _2local |
|
| 700 | 1 |
_aJohnston, Michael, _d1949- |
|
| 710 | 2 | _aSage eBooks | |
| 776 | 0 | 8 |
_iPrint version : _z9781849206044 |
| 830 | 0 | _aSAGE library of political science. | |
| 856 | 4 | 0 | _uhttp://ezproxy.alfaisal.edu/login?url=http://sk.sagepub.com/navigator/public-sector-corruption |
| 942 |
_2lcc _cEBOOKS |
||
| 999 |
_c481007 _d481007 |
||